000 01083nac a22003137a 4500
001 BR8707840
003 BR-BrBNA
005 20240105120637.0
008 230509b bl.|||m| |||| 00| 0 por d
040 _aBR-BrBNA
_bpor
_cBiblioteca Nacional de Agricultura
072 _aF01
090 _a0120 BR8707840
100 1 _aMendes, A.N.G.
100 1 _aAguiar, P.A. de
100 1 _aBarros, L.G.B.
100 1 _aGuimaraes, S.C.
110 1 _aEmpresa de Pesquisa Agropecuaria do Estado de Mato Grosso, Cuiaba (Brasil)
_94114
245 1 _aRecomendacoes tecnicas para o cultivo de milho no Estado de Mato Grosso
246 1 _a[Technical recomendations for maize cultivation in the state of Mato Grosso]
260 3 _aCuiaba, MT (Brasil):
_c1986.
300 _a48 p.
490 _aCircular Tecnica - Empresa de Pesquisa Agropecuaria do Estado de Mato Grosso (Brazil)
_vno. 1
_xISSN 0102-3691
500 _a13 tables
650 _aMILHO
650 _aPRODUCAO ANIMAL
650 _aMATO GROSSO
909 _a202312
_bLúcia Elande
_c55
_dLúcia Elande
942 _2AGRIS
_n0
_cMS
999 _c280643
_d280643